000 01526cam a22004574i 4500
003 PE-LiUPU
005 20250731172935.0
008 150623s r 000 0 d
020 _a0802808050
035 _a(Sirsi) i9780802808059
040 _aPE-LiUPU
_bspa
_cPE-LiUPU
_erda
049 _aPRUA
082 0 4 _a284.2
_bC18
_221
100 1 _aCalvino, Juan,
_eautor.
245 1 4 _aThe gospel according to St John 11 - 21 and first epistle of John.
_n5 /
_cJuan Calvino.
264 1 _aMichigan :
_bWilliam B. Eerdmans,
_c1994.
300 _a327 páginas ;
_c23 centímetros
336 _atext
_2rdacontent
337 _aunmediated
_2rdamedia
338 _avolume
_2rdacarrier
490 0 _aCalvin's New Testament Commentaries ;
_v5
505 0 _aThe gospel according to St John Chapter 11 - 21. -The first epistle of John.
526 _aSEG42
526 _aSEG41
526 _aSEG40
526 _aSEG39
526 _aP94
526 _aP87
526 _aP86
526 _aP85
526 _aP77
526 _aP76
526 _aP35
630 _aBiblia.
_pN.T.
_pJuan
_xComentarios.
942 _2ddc
_cBOOK
949 _a284.2 C18 5
_wDEWEY
_c1
_i44365
_lCCODEBUL1
_mBUL
_r0
_sY
_tBOOK
_u2015-6-24
_xTEOLOGIA
_PP35
_0COMPRA
_o.STAFF. Colección General
994 _aC0
_bPEPRU
596 _a1
999 _a284.2 C18 5
_wDEWEY
_c21245
_i44365
_f2021-11-11
_g5
_lCCODEBUL1
_mBUL
_r0
_sY
_tBOOK
_u2015-6-24
_xTEOLOGIA
_PP35
_0COMPRA
_o.STAFF. Colección General
_d21245
980 _81
_gALBERTO SANCHEZ Responsable de Automatización